000 01303naa a22003377a 4500
001 BR9301511
003 BR-BrBNA
005 20240918180851.0
007 ta
008 230509b bl.||||| |||| 00| 0 por d
040 _aBR-BrBNA
_bpor
_cBiblioteca Nacional de Agricultura
041 _a(Pt)
072 _aF01
_b0180
090 _aF01 BR9301511
100 1 _aSchroeder, L.F.
100 1 _aMatzembacher, R.G.
100 1 _aTorres, L.A.M.
100 1 _aSartori, J.F.
100 1 _aAbrao, J.J.R.
100 1 _aBergmann, F.W.
111 1 _a9. Reuniao Anual Conjunta de Pesquisa do Trigo
_cLondrina, PR (Brazil)
_d28 Mar - 1 Apr 1977
245 1 _aInfluencia da epoca de plantio de colheita na qualidade industrial do trigo
260 3 _aCruz Alta, RS (Brasil):
_c1977.
500 _aContribuicao do Centro de Experimentacao e Pesquisa a 9. Reuniao Anual Conjunta de Pesquisa do Trigo, v. 1 - Trigo Cruz Alta, RS (Brasil): 1977. p. 163-178 (BR9301511-AM)F01
650 _aTrigo
650 _aEpoca de Plantio
650 _aColheita
773 0 _tContribuicao do Centro de Experimentacao e Pesquisa a 9. Reuniao Anual Conjunta de Pesquisa do Trigo, v. 1 - Trigo
_wF01 BR9301511
_gCruz Alta, RS (Brasil), 1977. p. 163-178
909 _a202404
_bLucia
_c55
_dLucia Elande
942 _cAM
_2AGRIS
999 _c322382
_d322382